Cartas de Antonio Machado a Miguel de Unamuno

Salvato in:
Dettagli Bibliografici
Autore principale: Machado Ruíz, Antonio (autor)
Natura: Libro
Lingua:spagnolo
Pubblicazione: Ciudad de México Monegros 1957
Soggetti:
Tags: Aggiungi Tag
Nessun Tag, puoi essere il primo ad aggiungerne!!

MARC

LEADER 00000nam a2200000 a 4500
001 UCZ7454
003 CL-VaPUC
005 20210617115105.0
008 960105e19570000MX |||||||||||||||||spa|d
999 |c 243527  |d 243525 
040 |c Pontificia Universidad Católica de Valparaíso 
082 0 4 |a 866  |b MAC  |2 21 
100 |a Machado Ruíz, Antonio  |e autor  |9 861644 
245 1 0 |a Cartas de Antonio Machado a Miguel de Unamuno 
260 |a Ciudad de México  |b Monegros  |c 1957 
300 |a 114 p 
583 |a last modification  |c 19960105 00:00:00  |k Rodrigo Vera 
600 0 7 |a UNAMUNO, MIGUEL DE  |2 CL-VaPUC  |9 312478 
650 7 |a CORRESPONDENCIAS ESPAÑOLAS  |2 CL-VaPUC  |9 350179 
942 |c BK  |2 ddc 
945 |d 19960105 00:00:00  |a rleighto 
952 |0 0  |1 0  |4 0  |6 866_000000000000000_MAC_1957  |7 0  |8 A  |9 257194  |a BIBEDU  |b BIBEDU  |c ES_NOD  |d 2019-11-19  |i 3167577  |o 866 MAC 1957  |p 3167577  |r 2023-08-09  |w 2019-11-19  |y BK  |k LIT